Statistics for Manchester United Captains

Click here to take the quiz!

General Stats

  • This quiz has been taken 462 times
  • The average score is 8 of 49

Answer Stats

HintAnswer% Correct
2011-2014 (Serbia)Nemanja Vidic
95%
1997-2005 (Republic of Ireland)Roy Keane
94%
2014-Present (England)Wayne Rooney
92%
1996-1997 (France)Eric Cantona
83%
1968-1973 (England)Bobby Charlton
76%
2005-2011 (England)Gary Neville
74%
1992-1996 (England)Steve Bruce
64%
1982-1994 (England)Bryan Robson
59%
1964-1968 (Scotland)Denis Law
53%
1958-1959 (England)Bill Foulkes
16%
1975-1982 (Scotland)Martin Buchan
15%
1982 (England)Ray Wilkins
12%
1945-1953 (Republic Of Ireland)Johnny Carey
9%
1955-1958 (England)Roger Byrne
8%
1959-1960 (England)Dennis Viollet
7%
1962-1967 (Republic of Ireland)Noel Cantwell
5%
1973-1974 (Scotland)George Graham
4%
1917-1918 (England)George Anderson
3%
1928-1929 (England)Jack Wilson
3%
1935-1937 (Scotland)James Brown
3%
1974-1975 (Scotland)Willie Morgan
3%
1905-1913 (England)Charlie Roberts
2%
1897-1903 (England)Harry Stafford
2%
1960-1962 (England)Maurice Setters
2%
1883-1887 (England)Sam Black
2%
1953 (England)Stan Pearson
2%
1953-1955 (England)Allenby Chilton
1%
1939-1940 (Scotland)Bill McKay
1%
1934-1935 (Scotland)Bill McKay
1%
1891-1892 (Scotland)Bob Mcfarlane
1%
1896-1897 (Wales)Caesar Jenkyns
1%
1929-1930 (England)Charlie Spencer
1%
1922-1928 (England)Frank Barson
1%
1914-1915 (England)George Hunter
1%
1931-1932 (Scotland)George McLachlan
1%
1944-1945 (England)George Roughton
1%
1937-1939 (England)George Roughton
1%
1913-1914 (England)George Stacey
1%
1918-1919 (England)Jack Mew
1%
1904-1905 (Scotland)Jack Peddie
1%
1887-1891 (Wales)Jack Powell
1%
1932-1934 (England)Jack Silcock
1%
1930-1931 (England)Jack Silcock
1%
1894-1896 (Scotland)James McNaught
1%
1892-1893 (Scotland)Joe Cassidy
1%
1903-1904 (England)John Willie Sutcliffe
1%
1919-1922 (England)Lal Hilditch
1%
1932 (England)Louis Page
1%
1915-1917 (Ireland)Patrick O'Connell
1%

Score Distribution

Percentile by Number Answered

Percent of People with Each Score

Your Score History

You have not taken this quiz